Zmes známych slovenských ľudových piesní Kúty, Kúty /
| Main Author: | Hudec, Adam, 1949- |
|---|---|
| Other Authors: | Škoviera, Albín, 1949- |
| Language: | Slovak |
| Published: |
Bratislava : Opus, 1986 |
| Edition: | 1. vyd. |
| Series: |
Dychová hudba. Malokarpatská kapela
|
| Physical Description: |
14 hlasů |
| LEADER | 00969ncm a22002772a 4500 | ||
|---|---|---|---|
| 001 | 001083004 | ||
| 003 | CZ BrMZK | ||
| 005 | 20220909130548.0 | ||
| 007 | qu | ||
| 008 | 980105s1986 xo f slo d | ||
| 040 | |a BOA001 |b cze | ||
| 072 | 7 | |a 784 |x Vokální hudba |2 Konspekt |9 9 | |
| 100 | 1 | |a Hudec, Adam, |d 1949- |7 mzk2009512900 |4 cmp | |
| 245 | 1 | 0 | |a Zmes známych slovenských ľudových piesní |h [hudebnina] ; |b Kúty, Kúty / |c upr. Adam Hudec ; text Albín Škoviera |
| 246 | 3 | 1 | |a Zmes slovenských ľudových piesní |
| 250 | |a 1. vyd. | ||
| 260 | |a Bratislava : |b Opus, |c 1986 | ||
| 300 | |a 14 hlasů | ||
| 490 | 1 | |a Dychová hudba. Malokarpatská kapela | |
| 700 | 1 | |a Škoviera, Albín, |d 1949- |7 jx20071003017 |4 lyr | |
| 740 | 0 | 2 | |a Kúty, Kúty |
| 830 | 0 | |a Dychová hudba. Malokarpatská kapela | |
| 910 | |a BOA001 |b Mus2-0936.000 | ||
| 990 | |a MU | ||
| 991 | |b 201001 | ||
| 996 | 6 | |b 2619439365 |c Mus2-0936.000 |l MZK |r Sklad / do 1 hodiny |n 1 |w 001105546 |u 000010 |a 1 |e BOA001 |j MZK50 |s P | |
English
Čeština 